| 000 | 00854nam a2200241 a 4500 | ||
|---|---|---|---|
| 999 |
_c11988 _d11988 |
||
| 001 | 11988 | ||
| 003 | BD-JhCC | ||
| 005 | 20221110134024.0 | ||
| 008 | 210301b2018 bg |||| ||a| 000 0 ben d | ||
| 020 | _a978984902990062 | ||
| 035 | _a(BD-JhCC)11988 | ||
| 040 |
_aBD-JhCC _dBD-JhCC |
||
| 041 | _abengali | ||
| 082 |
_a940 _bKLA 2018 |
||
| 100 | _aক্লাইন,আর্নেস্ট | ||
| 245 |
_aসায়েন্স ফিকশন: _bরেডি প্লেয়ার ওয়ান / _cআর্নেস্ট ক্লাইন, অনুঃ তৌফিক সরকার । |
||
| 260 |
_aঢাকা: _bআফসার ব্রাদার্স; _c২০১৮. |
||
| 300 |
_a319 p. : _c22 cm. |
||
| 650 | _a Science Fiction | ||
| 700 | _a সরকার, তৌফিক | ||
| 942 |
_2ddc _cBK _01 |
||